Ciências - Statistics

Estatísticas Gerais
  • Esse quiz foi jogado 148 vezes
  • A pontuação média é 4 de 15
Estatísticas das Respostas
Hint Resposta % Correto
Que nome damos à água própria para consumo? Água potável
76%
Que nome damos ao solo que onde predomina a areia? Solo arenoso
64%
Que nome damos ao solo que onde predomina a argila! Solo argiloso
63%
Que nome damos à destruição e desagregação das rochas? Erosão
49%
Que nome damos á camada superficial da crosta terrestre? Solo
42%
Como se chama a parte sólida da Terra? Litosfera
36%
Que nome damos ao solo que onde predomina o calcário? Solo calcário
36%
Qual a propriedade das rochas que está relacionada com a capacidade de riscar ou ser riscada por outro material? Dureza
23%
Que nome damos á camada que se situa abaixo da parte mais superficial do solo e é onde se desenvolve a parte subterrânea das plantas? Subsolo
17%
Que nome damos à água que pode ser utilizada com fins terapêuticos? Água mineral
14%
Que nome damos aos factores responsáveis para a sua alteração e destruição? Agentes erosivos
6%
Que nome damos à água imprópria para consumo, contém nível elevado de sais ou de outras substâncias dissolvidas que a pode tornar turva? Água salobra
6%
Que nome damos aos solos que conseguem ter uma vegetação abundante pois são solos húmidos com húmus e ricos em sais minerais? Solos francos
1%
Que nome damos à água imprópria para consumo, contém microrganismos prejudiciais à saúde? Água inquinada
0%
Que nome damos aos solos onde não existe vegetação ou é rara? Solos estéreis
0%
Nenhum quiz correspondente encontrado
Distribuição das Pontuações
Porcentagem de Pessoas com Cada Pontuação
Percentil de Números Respondidos
Sua Pontuação Histórica
Você não jogou esse quiz